[Event "32nd WCh U20 Girls"]
[Site "Pune IND"]
[Date "2014.10.08"]
[Round "3.35"]
[White "Salonika, Saina"]
[Black "Harshita, Guddanti"]
[Result "1-0"]
[WhiteElo "1737"]
[BlackElo "1925"]
[EventDate "2014.10.06"]
[PlyCount "79"]

1.e4 c5 2.Nc3 d6 3.f4 g6 4.Nf3 Bg7 5.Bc4 Nc6 6.O-O e6 7.d3 Nge7 8.Bb3 O-O 
9.Qe1 Nd4 10.Nxd4 Bxd4+ 11.Kh1 Nc6 12.Qg3 Bg7 13.f5 Nd4 14.Bf4 Nxb3 15.
axb3 e5 16.Be3 Re8 17.Nd5 Bd7 18.fxg6 fxg6 19.Bg5 Qb8 20.Qh4 Re6 21.Bf6 
Bf8 22.Bg5 Bg7 23.Rf3 Be8 24.Raf1 h5 25.Bf6 Kh7 26.Bxg7 Kxg7 27.Qh3 Qc8 
28.Rf8 Qd7 29.Nc7 Qxc7 30.Qxe6 Qd8 31.R1f7+ Bxf7 32.Qxf7+ Kh6 33.Rxd8 Rxd8
34.Qe7 Rg8 35.Qxd6 Rg7 36.g3 Rf7 37.Kg2 b6 38.Qxe5 g5 39.Qe6+ Kg7 40.e5 
1-0

[Event "32nd WCh U20 Girls"]
[Site "Pune IND"]
[Date "2014.10.08"]
[Round "3.36"]
[White "Shristi Shetty, J."]
[Black "Potluri, Supreetha"]
[Result "0-1"]
[WhiteElo "1907"]
[BlackElo "1738"]
[EventDate "2014.10.06"]
[PlyCount "110"]

1.e4 c5 2.Nf3 Nc6 3.d3 g6 4.g3 Bg7 5.Bg2 d6 6.O-O e5 7.c3 Nge7 8.a3 O-O 9.
b4 h6 10.Bb2 Be6 11.Nbd2 b5 12.a4 a6 13.Ba3 cxb4 14.cxb4 f5 15.Rc1 f4 16.
d4 exd4 17.Nb3 fxg3 18.hxg3 Bc4 19.Rxc4 bxc4 20.Nbxd4 Qd7 21.Nxc6 Nxc6 22.
e5 d5 23.b5 axb5 24.Bxf8 Rxf8 25.axb5 Nb4 26.Qb1 Nd3 27.b6 Rb8 28.Nh4 g5 
29.Nf3 Qd8 30.Nd4 Nxe5 31.Ne6 Qxb6 32.Qxb6 Rxb6 33.Bxd5 Rd6 34.Nxg7+ Rxd5 
35.Ne6 Kf7 36.Nc7 Rc5 37.Na6 Ra5 38.Nb4 g4 39.Rc1 Ra4 40.Nd5 Ke6 41.Nc3 
Rb4 42.Kf1 Rb2 43.Nd1 Rd2 44.Ne3 Rd6 45.Ke2 Ra6 46.Rc2 Ra4 47.Kd2 Kd6 48.
Nf5+ Kd5 49.Nxh6 Ke4 50.Ke2 Nf3 51.Nxg4 Nd4+ 52.Kd2 Nxc2 53.Kxc2 Kd4 54.f4
Ra2+ 55.Kc1 Rg2 0-1

[Event "32nd WCh U20 Girls"]
[Site "Pune IND"]
[Date "2014.10.08"]
[Round "3.37"]
[White "Djogteva, Jekaterina"]
[Black "Divya Lakshmi, R."]
[Result "1-0"]
[WhiteElo "1754"]
[BlackElo "1905"]
[EventDate "2014.10.06"]
[PlyCount "45"]

1.e4 c5 2.Nc3 d6 3.f4 g6 4.Nf3 Bg7 5.Bc4 e6 6.d3 Ne7 7.O-O Nbc6 8.Qe1 O-O 
9.f5 exf5 10.Qh4 d5 11.exd5 Nd4 12.Bg5 Re8 13.Rae1 Bf8 14.Ne5 Qd6 15.Bf4 
Qb6 16.d6 Be6 17.Bxe6 fxe6 18.Nd7 Qxb2 19.Nf6+ Kf7 20.Qxh7+ Bg7 21.Bh6 Rg8
22.Nxg8 Rxg8 23.dxe7 1-0

[Event "32nd WCh U20 Girls"]
[Site "Pune IND"]
[Date "2014.10.08"]
[Round "3.38"]
[White "Samudin, Elina"]
[Black "Terzidaki, Alexandra"]
[Result "0-1"]
[WhiteElo "1623"]
[BlackElo "1902"]
[EventDate "2014.10.06"]
[PlyCount "78"]

1.e4 e6 2.d4 d5 3.Nd2 Nf6 4.e5 Nfd7 5.f4 c5 6.c3 Be7 7.Ndf3 b6 8.g3 Ba6 9.
Ne2 Nc6 10.Bh3 g6 11.Bg2 Qc7 12.Kf2 cxd4 13.Nexd4 Nc5 14.Kg1 Rc8 15.Nxc6 
Qxc6 16.Nd4 Qc7 17.Bd2 O-O 18.h4 Bd3 19.h5 Qd7 20.g4 f5 21.hxg6 hxg6 22.
gxf5 Bxf5 23.Nxf5 exf5 24.Qf3 Kg7 25.Be3 Ne4 26.Bd4 Qe6 27.Rd1 Rh8 28.a3 
Rxh1+ 29.Bxh1 Rh8 30.Bf2 Rh5 31.Qd3 Rxh1+ 32.Kg2 Rxd1 33.Qxd1 Bc5 34.Bxc5 
bxc5 35.Qa4 Qe7 36.Qc6 Qh4 37.Qd7+ Kh6 38.e6 Qf2+ 39.Kh1 Ng3# 0-1

[Event "32nd WCh U20 Girls"]
[Site "Pune IND"]
[Date "2014.10.08"]
[Round "3.39"]
[White "Cuvelier, Annelies"]
[Black "Supriya, Joshi"]
[Result "0-1"]
[WhiteElo "1619"]
[BlackElo "1857"]
[EventDate "2014.10.06"]
[PlyCount "96"]

1.e4 e5 2.Nf3 Nc6 3.Bb5 a6 4.Ba4 Nf6 5.O-O Be7 6.Re1 b5 7.Bb3 d6 8.c3 O-O 
9.d4 Bg4 10.d5 Na5 11.Bc2 c6 12.h3 Bc8 13.dxc6 Qc7 14.Nbd2 Qxc6 15.Nf1 Nc4
16.a4 Be6 17.b3 Na5 18.b4 Nc4 19.a5 d5 20.exd5 Bxd5 21.Ng3 Rfd8 22.Qe2 
Bxf3 23.gxf3 Nd5 24.Nf5 Bf8 25.Be4 Qe6 26.Qc2 g6 27.Kh2 Rac8 28.Rg1 Nd6 
29.Nxd6 Bxd6 30.Bd2 f5 31.Bxd5 Qxd5 32.Qa2 Rc4 33.Kg2 e4 34.Rgd1 exf3+ 35.
Kf1 Qd3+ 36.Kg1 Qe2 37.Re1 Bh2+ 38.Kh1 Qxd2 39.Kxh2 Qf4+ 40.Kh1 Rd2 41.
Qxd2 Qxd2 42.Rad1 Qxf2 43.Rd8+ Kg7 44.Rd7+ Kh6 45.Rg1 Rh4 46.Rg3 Qxg3 47.
Rd2 Rxh3+ 48.Rh2 Rxh2# 0-1

[Event "32nd WCh U20 Girls"]
[Site "Pune IND"]
[Date "2014.10.09"]
[Round "4.1"]
[White "Pustovoitova, Daria"]
[Black "Goryachkina, Alexandra"]
[Result "1/2-1/2"]
[WhiteElo "2354"]
[BlackElo "2430"]
[EventDate "2014.10.06"]
[PlyCount "75"]

1.d4 d5 2.c4 c6 3.Nc3 Nf6 4.e3 e6 5.Nf3 Nbd7 6.Qc2 Bd6 7.Bd3 O-O 8.O-O 
dxc4 9.Bxc4 b5 10.Be2 Bb7 11.Rd1 Qe7 12.e4 e5 13.Bg5 Rfe8 14.dxe5 Bxe5 15.
Nxe5 Qxe5 16.Be3 b4 17.Na4 Qxe4 18.Qxe4 Rxe4 19.Bf3 Re6 20.Rac1 a5 21.h3 
h6 22.Rd2 Nd5 23.Bg4 Re7 24.Bxd7 Rxd7 25.Nc5 Re7 26.Nxb7 Rxb7 27.Rxc6 Nxe3
28.fxe3 Re7 29.Kf2 Rae8 30.Rc5 Re5 31.Rxe5 Rxe5 32.Rd8+ Kh7 33.Ra8 Rc5 34.
Kf3 Rc2 35.Rxa5 Rxb2 36.a3 bxa3 37.Rxa3 Kg6 38.Ra6+ 1/2-1/2

[Event "32nd WCh U20 Girls"]
[Site "Pune IND"]
[Date "2014.10.09"]
[Round "4.2"]
[White "Arabidze, Meri"]
[Black "Furtado, Ivana Maria"]
[Result "1/2-1/2"]
[WhiteElo "2409"]
[BlackElo "2165"]
[EventDate "2014.10.06"]
[PlyCount "70"]

1.d4 Nf6 2.c4 e6 3.Nf3 d5 4.Nc3 Bb4 5.Bg5 Nbd7 6.e3 c5 7.cxd5 exd5 8.Bd3 
Qa5 9.Qc2 c4 10.Bf5 O-O 11.O-O Re8 12.Nd2 g6 13.Bh3 Kg7 14.Rfb1 h6 15.Bh4 
g5 16.Bxd7 Bxd7 17.Bg3 Nh5 18.Nf1 Rf8 19.a3 Bxc3 20.bxc3 Qa6 21.e4 dxe4 
22.Qxe4 b5 23.d5 Rfe8 24.Qd4+ Qf6 25.Qd2 Nf4 26.Bxf4 gxf4 27.Rd1 Re5 28.
Qd4 Rae8 29.Qxa7 Bg4 30.f3 Bf5 31.Qd4 Bd3 32.Nd2 Re2 33.Qxf6+ Kxf6 34.g4 
fxg3 35.hxg3 Rg8 1/2-1/2

[Event "32nd WCh U20 Girls"]
[Site "Pune IND"]
[Date "2014.10.09"]
[Round "4.3"]
[White "Gevorgian, Maria"]
[Black "Khademalsharieh, Sarasadat"]
[Result "0-1"]
[WhiteElo "2160"]
[BlackElo "2366"]
[EventDate "2014.10.06"]
[PlyCount "122"]

1.e4 e5 2.Nf3 Nc6 3.Bc4 Bc5 4.c3 Nf6 5.d3 a6 6.O-O Ba7 7.Nbd2 d6 8.Bb3 O-O
9.h3 h6 10.Re1 Be6 11.Nf1 Re8 12.N3h2 Bxb3 13.axb3 Qd7 14.Qf3 Qe6 15.b4 
Rad8 16.Ng3 d5 17.Ng4 Nxg4 18.hxg4 dxe4 19.dxe4 f6 20.Nf5 Bb6 21.g3 Ne7 
22.Kg2 Nxf5 23.gxf5 Qc4 24.Rh1 Kf8 25.Qg4 Rd7 26.Bxh6 gxh6 27.Rxh6 Rf7 28.
Rh8+ Ke7 29.Rxe8+ Kxe8 30.Qg8+ Ke7 31.Rd1 Qxe4+ 32.Kg1 c5 33.bxc5 Bc7 34.
Rd7+ Kxd7 35.Qxf7+ Kc6 36.Qxf6+ Kxc5 37.Qe6 Qc6 38.Qb3 a5 39.f6 Qxf6 40.
Qxb7 Bb6 41.b3 Qe6 42.b4+ axb4 43.cxb4+ Kxb4 44.Qe4+ Bd4 45.Kg2 Qa2 46.
Qb7+ Kc3 47.Qc6+ Kd2 48.Qh6+ Kd3 49.Kh3 Bxf2 50.Qh7+ e4 51.Qd7+ Bd4 52.
Qb5+ Qc4 53.Qb1+ Qc2 54.Qb5+ Kd2 55.Qd5 Ke3 56.Qg5+ Kf2 57.Qd5 Qc8+ 58.Kh4
Qh8+ 59.Kg4 Qe5 60.Qa2+ Bb2 61.Qf7+ Qf6 0-1

[Event "32nd WCh U20 Girls"]
[Site "Pune IND"]
[Date "2014.10.09"]
[Round "4.4"]
[White "Sviridova, Vlada"]
[Black "Zhai Mo"]
[Result "1/2-1/2"]
[WhiteElo "2069"]
[BlackElo "2339"]
[EventDate "2014.10.06"]
[PlyCount "105"]

1.d4 Nf6 2.c4 e6 3.Nf3 d5 4.Nc3 Bb4 5.cxd5 exd5 6.Bg5 Qd6 7.Nd2 Bf5 8.Bxf6
Qxf6 9.e3 c6 10.Be2 Nd7 11.O-O O-O 12.Qb3 Qe7 13.a3 Bxc3 14.Qxc3 a5 15.a4 
Rfc8 16.Bd3 Bxd3 17.Qxd3 Nf6 18.Rfe1 h6 19.h3 Re8 20.Ra3 Ne4 21.Nxe4 dxe4 
22.Qe2 Red8 23.Rc1 Rd5 24.Rac3 Rad8 25.Rc5 Qe6 26.Qe1 Rxc5 27.Rxc5 Qb3 28.
Qc3 Qxa4 29.Qxa5 Ra8 30.Qxa4 Rxa4 31.d5 cxd5 32.Rxd5 Rb4 33.Rd2 g5 34.g4 
Kg7 35.Kg2 Kf6 36.Kg3 Kg6 37.h4 gxh4+ 38.Kxh4 Rb5 39.Kg3 Kg5 40.Rc2 b6 41.
Rd2 Rb3 42.Rd4 Rxb2 43.Rxe4 b5 44.f4+ Kf6 45.Re8 b4 46.e4 Rb1 47.e5+ Kg7 
48.Rb8 b3 49.Kg2 b2 50.f5 Re1 51.Rxb2 Rxe5 52.Kg3 Ra5 53.Rb6 1/2-1/2

[Event "32nd WCh U20 Girls"]
[Site "Pune IND"]
[Date "2014.10.09"]
[Round "4.5"]
[White "Padmini, Rout"]
[Black "Khaled, Mouna"]
[Result "1-0"]
[WhiteElo "2331"]
[BlackElo "2191"]
[EventDate "2014.10.06"]
[PlyCount "93"]

1.e4 e5 2.Nf3 Nc6 3.Bb5 a6 4.Bxc6 dxc6 5.d4 exd4 6.Qxd4 Qxd4 7.Nxd4 c5 8.
Ne2 Bd7 9.Nbc3 O-O-O 10.Bf4 Be6 11.Rd1 Rxd1+ 12.Kxd1 Ne7 13.Kc1 Ng6 14.Be3
f6 15.h4 Bd6 16.h5 Ne5 17.f3 Rf8 18.Bf2 b6 19.Nf4 Bg8 20.Nfd5 Nc6 21.a3 
Ne7 22.Rd1 Bxd5 23.Nxd5 Nxd5 24.Rxd5 Bf4+ 25.Kb1 Rd8 26.Rxd8+ Kxd8 27.c4 
Ke7 28.Kc2 Ke6 29.a4 Be5 30.b3 f5 31.exf5+ Kxf5 32.Be3 Bg3 33.Kd3 g5 34.
hxg6 hxg6 35.Ke2 Ke5 36.Bf2 Bf4 37.g3 Bh6 38.Be3 g5 39.Kd3 a5 40.g4 Kf6 
41.Ke4 c6 42.Bd2 Ke6 43.Bc3 Bf8 44.Be5 Kd7 45.Bf6 Bh6 46.Kf5 Kd6 47.Bd8 
1-0

[Event "32nd WCh U20 Girls"]
[Site "Pune IND"]
[Date "2014.10.09"]
[Round "4.6"]
[White "Nguyen Thi Mai Hung"]
[Black "Imeeva, Aysa"]
[Result "1/2-1/2"]
[WhiteElo "2299"]
[BlackElo "2077"]
[EventDate "2014.10.06"]
[PlyCount "146"]

1.d4 Nf6 2.Nf3 e6 3.e3 d5 4.Bd3 Be7 5.O-O O-O 6.Nbd2 c5 7.b3 b6 8.Bb2 Bb7 
9.Ne5 Nbd7 10.Qf3 Qc7 11.Qh3 h6 12.Rad1 Nxe5 13.dxe5 Ne4 14.c4 Nxd2 15.
Rxd2 Rfd8 16.Rfd1 dxc4 17.bxc4 b5 18.Qg4 bxc4 19.Bxc4 Rxd2 20.Rxd2 Rd8 21.
Qd1 Bc6 22.Bc3 Rxd2 23.Qxd2 Qb7 24.f3 Qb1+ 25.Bf1 Bd5 26.a4 Bh4 27.g3 Bg5 
28.Kf2 Bxf3 29.h4 Be7 30.Qd7 Qb7 31.Qe8+ Bf8 32.Qb5 Qe4 33.Bd3 Qg4 34.Qc4 
Qxc4 35.Bxc4 Bc6 36.a5 Be7 37.Ke2 Kf8 38.Bb2 Ke8 39.Kd3 Kd7 40.Ba3 Ba4 41.
Bc1 Kc6 42.Bd2 Bb5 43.h5 Bd8 44.Be1 Bc7 45.Bc3 a6 46.g4 Kb7 47.e4 Kc6 48.
Be1 Bxe5 49.Bd2 Bf6 50.Be3 Bh4 51.Bd2 f6 52.Bc3 Bg5 53.Be1 Bxc4+ 54.Kxc4 
Be3 55.Kd3 Bd4 56.Kc4 Kd6 57.Bg3+ Ke7 58.Bh4 Kf7 59.Bg3 g6 60.Bd6 gxh5 61.
gxh5 f5 62.exf5 exf5 63.Bf4 Kg7 64.Kd5 Bc3 65.Kxc5 Bxa5 66.Kd5 Kf6 67.Bxh6
Be1 68.Bc1 Bh4 69.Kc6 Bg5 70.Bb2+ Ke6 71.Kb6 f4 72.Bd4 f3 73.Kxa6 Kd5 
1/2-1/2

[Event "32nd WCh U20 Girls"]
[Site "Pune IND"]
[Date "2014.10.09"]
[Round "4.7"]
[White "Petrukhina, Irina"]
[Black "Pratyusha, Bodda"]
[Result "1/2-1/2"]
[WhiteElo "2218"]
[BlackElo "2078"]
[EventDate "2014.10.06"]
[PlyCount "213"]

1.d4 d5 2.c4 c6 3.Nf3 Nf6 4.Qc2 dxc4 5.Qxc4 Bg4 6.Nc3 Nbd7 7.e4 Bxf3 8.
gxf3 e5 9.Be3 exd4 10.Bxd4 Bd6 11.O-O-O Qe7 12.Qe2 Be5 13.Qe3 Nh5 14.Bxe5 
Qxe5 15.Rg1 h6 16.Bc4 Nc5 17.Ne2 Qe7 18.Nd4 g6 19.Qc3 Qe5 20.Kb1 Rf8 21.
Bd5 Nd7 22.Bb3 O-O-O 23.Nxc6 Qxc3 24.Ne7+ Kb8 25.bxc3 Nf4 26.Nd5 Ne6 27.f4
g5 28.fxg5 hxg5 29.Ne3 Nec5 30.Bd5 f6 31.c4 Rde8 32.f3 Ne5 33.Rgf1 Rh8 34.
Rd2 Rh3 35.Ng4 Rxf3 36.Rxf3 Nxf3 37.Rf2 Nxe4 38.Bxe4 Rxe4 39.Nxf6 Re1+ 40.
Kc2 Ne5 41.Rf5 Nxc4 42.Rxg5 Re2+ 43.Kd3 Rxh2 44.Kxc4 Rxa2 45.Rg8+ Kc7 46.
Nd5+ Kd6 47.Rg6+ Ke5 48.Nb4 Kf5 49.Rg7 Ra1 50.Rxb7 Ke6 51.Nc2 Ra4+ 52.Kb3 
Ra6 53.Rh7 Rb6+ 54.Nb4 Kd6 55.Kc4 Ke5 56.Rxa7 Rh6 57.Re7+ Kd6 58.Re4 Rh1 
59.Nd3 Rf1 60.Rh4 Ke6 61.Rh8 Rg1 62.Re8+ Kd6 63.Nf2 Rc1+ 64.Kd4 Kd7 65.Re5
Ra1 66.Nd3 Ra4+ 67.Kd5 Ra1 68.Nc5+ Kc7 69.Re7+ Kd8 70.Rb7 Rd1+ 71.Ke5 Re1+
72.Ne4 Kc8 73.Rg7 Kd8 74.Kd5 Rd1+ 75.Kc6 Rc1+ 76.Nc5 Ke8 77.Ra7 Kf8 78.Kd6
Rd1+ 79.Ke5 Re1+ 80.Ne4 Ke8 81.Kf5 Kd8 82.Nd6 Rf1+ 83.Ke5 Re1+ 84.Ne4 Ke8 
85.Rh7 Kd8 86.Kd5 Rd1+ 87.Kc6 Rc1+ 88.Nc5 Ke8 89.Rc7 Kf8 90.Kd6 Rd1+ 91.
Ke5 Re1+ 92.Ne4 Ke8 93.Kd5 Rd1+ 94.Ke6 Kd8 95.Rc4 Re1 96.Kf7 Kd7 97.Kf6 
Rf1+ 98.Ke5 Re1 99.Rc2 Kd8 100.Kd5 Rd1+ 101.Ke6 Re1 102.Rc4 Re3 103.Kd6 
Rd3+ 104.Ke5 Re3 105.Kd4 Re1 106.Nf6 Rd1+ 107.Ke4 1/2-1/2

[Event "32nd WCh U20 Girls"]
[Site "Pune IND"]
[Date "2014.10.09"]
[Round "4.8"]
[White "Chumpitaz Carbajal, Ann"]
[Black "Chitlange, Sakshi"]
[Result "1-0"]
[WhiteElo "2201"]
[BlackElo "1827"]
[EventDate "2014.10.06"]
[PlyCount "71"]

1.e4 c6 2.d4 d5 3.Nc3 dxe4 4.Nxe4 Nd7 5.Ng5 Ngf6 6.Bc4 e6 7.Qe2 Nb6 8.Bb3 
Be7 9.N1f3 O-O 10.Bd2 a5 11.c3 a4 12.Bc2 Nbd5 13.Ne5 Qc7 14.Qd3 g6 15.Nxh7
Kxh7 16.Nxf7 Rg8 17.Ne5 Rg7 18.Nxg6 Kg8 19.a3 Bd6 20.g3 c5 21.O-O-O Bd7 
22.dxc5 Bxc5 23.c4 Nb6 24.Bc3 Be8 25.Nf4 Qf7 26.Qe2 Bd7 27.h4 Ng4 28.Bxg7 
Qxg7 29.Rxd7 Nxd7 30.Qxe6+ Qf7 31.Qxg4+ Kf8 32.Re1 Re8 33.Ne6+ Rxe6 34.
Qxe6 Qxf2 35.Qe8+ Kg7 36.Qg6+ 1-0

[Event "32nd WCh U20 Girls"]
[Site "Pune IND"]
[Date "2014.10.09"]
[Round "4.9"]
[White "Zarkovic, Mila"]
[Black "Ni Shiqun"]
[Result "1/2-1/2"]
[WhiteElo "2136"]
[BlackElo "2312"]
[EventDate "2014.10.06"]
[PlyCount "93"]

1.e4 e5 2.Nf3 Nf6 3.Nc3 Bb4 4.Nxe5 O-O 5.Nd3 Bxc3 6.dxc3 Nxe4 7.Be3 Qf6 8.
Qf3 Qxf3 9.gxf3 Nf6 10.O-O-O Nc6 11.Rg1 Kh8 12.Nb4 d6 13.Nxc6 bxc6 14.Bd3 
Nd5 15.Bd2 Ne7 16.c4 Bd7 17.Rde1 Rfe8 18.Bc3 f6 19.Ba5 Rac8 20.c5 Nd5 21.
Ba6 Rb8 22.Rxe8+ Rxe8 23.Rd1 Bf5 24.b3 dxc5 25.Bb7 Re2 26.Rd2 Rxd2 27.Kxd2
Bd7 28.a3 Kg8 29.Kd3 Nb6 30.Bd2 Kf7 31.c4 Ke7 32.Be3 Bf5+ 33.Kc3 Kd6 34.
Bf4+ Kd7 35.a4 Nc8 36.Bxc8+ Kxc8 37.Be3 a6 38.Bxc5 Bb1 39.Bf8 g6 40.Bg7 f5
41.f4 Kd7 42.a5 Be4 43.Kd4 Bf3 44.b4 Be2 45.h4 Ke6 46.Be5 Kd7 47.Bg7 
1/2-1/2

[Event "32nd WCh U20 Girls"]
[Site "Pune IND"]
[Date "2014.10.09"]
[Round "4.11"]
[White "Ibrahimova, Sabina"]
[Black "Srija, Seshadri"]
[Result "1-0"]
[WhiteElo "2271"]
[BlackElo "2099"]
[EventDate "2014.10.06"]
[PlyCount "71"]

1.e4 e5 2.Nf3 Nc6 3.d4 exd4 4.Bc4 Bc5 5.O-O d6 6.c3 Bg4 7.Qb3 Bxf3 8.Bxf7+
Kf8 9.gxf3 Qf6 10.Bh5 Rb8 11.f4 Nge7 12.Qd1 Bb6 13.a4 a5 14.Na3 dxc3 15.
bxc3 Qxc3 16.Rb1 Qf6 17.Nc4 Bd4 18.Rb5 b6 19.Rb3 Qe6 20.Qe2 Bf6 21.f5 Qd7 
22.Rg3 Nd4 23.Qd1 Nec6 24.Ne3 Qd8 25.Nd5 Nb4 26.Nxf6 Qxf6 27.Be3 c5 28.Bg5
Qe5 29.Qg4 Rg8 30.Re1 Nbc6 31.f4 Ne2+ 32.Qxe2 Qd4+ 33.Kh1 Qxa4 34.e5 h6 
35.exd6 hxg5 36.Qe7+ 1-0

[Event "32nd WCh U20 Girls"]
[Site "Pune IND"]
[Date "2014.10.09"]
[Round "4.12"]
[White "Munoz, Claudia"]
[Black "Nandhidhaa, P. V."]
[Result "0-1"]
[WhiteElo "1906"]
[BlackElo "2144"]
[EventDate "2014.10.06"]
[PlyCount "168"]

1.d4 Nf6 2.c4 e6 3.Nc3 d5 4.Nf3 Be7 5.cxd5 exd5 6.Bf4 c6 7.e3 Bf5 8.Bd3 
Bxd3 9.Qxd3 O-O 10.O-O Re8 11.Ne5 Nbd7 12.h3 Bf8 13.Rab1 Nxe5 14.Bxe5 Nd7 
15.Bh2 a5 16.f3 Nf6 17.e4 dxe4 18.fxe4 Qd7 19.Rbd1 Rad8 20.e5 Nd5 21.Ne4 
h6 22.Bg3 Qe6 23.Bh4 Rd7 24.Qg3 Kh7 25.Qd3 Qg6 26.Rf3 Kh8 27.Rg3 Qh7 28.
Rf3 Nb4 29.Qb1 c5 30.Bf2 cxd4 31.Rxd4 Rxd4 32.Bxd4 Nc6 33.Qd3 Kg8 34.Rg3 
Re6 35.Bc3 Be7 36.Qd5 Qf5 37.Rf3 Qg6 38.Rg3 Qf5 39.Rf3 Qg6 40.Rg3 Qh5 41.
Qd7 Nxe5 42.Qxb7 Qd1+ 43.Kh2 Ng6 44.Qc8+ Qd8 45.Qxd8+ Bxd8 46.Rd3 Bc7+ 47.
Ng3 Nh4 48.Kg1 Rg6 49.Kf2 f5 50.Nh5 Rxg2+ 51.Kf1 Rg5 52.Nxg7 Bb6 53.Ne6 
Rg1+ 54.Ke2 Rg2+ 55.Kd1 Kf7 56.Nf4 Rf2 57.Nd5 Bc5 58.a3 a4 59.Be1 Rf3 60.
Rxf3 Nxf3 61.Nc3 Bd4 62.Nxa4 Ng1 63.Nc3 Nxh3 64.Ke2 Nf4+ 65.Kd2 Ng2 66.Nd1
Ke6 67.Bf2 Be5 68.Ke2 Nf4+ 69.Kd2 h5 70.b4 Kd5 71.Ne3+ Ke4 72.Nc4 Bb8 73.
Ne3 Nh3 74.Nd1 Nxf2 75.Nxf2+ Kf3 76.Nd3 h4 77.Ne1+ Kf2 78.Nd3+ Kf1 79.Ke3 
h3 80.Kf3 h2 81.Nf2 Ba7 82.Nh1 Kg1 83.Ng3 f4 84.Ne2+ Kh1 0-1

[Event "32nd WCh U20 Girls"]
[Site "Pune IND"]
[Date "2014.10.09"]
[Round "4.13"]
[White "Aakanksha, Hagawane"]
[Black "Gelip, Ioana"]
[Result "0-1"]
[WhiteElo "1918"]
[BlackElo "2154"]
[EventDate "2014.10.06"]
[PlyCount "64"]

1.e4 c5 2.Nf3 d6 3.d4 cxd4 4.Nxd4 Nf6 5.Nc3 a6 6.f4 e5 7.Nf3 Nbd7 8.Bd3 
Be7 9.O-O b5 10.a3 O-O 11.Kh1 Bb7 12.Qe1 Rc8 13.Bd2 Qc7 14.Nh4 Rfe8 15.Nf5
Bf8 16.Qg3 Kh8 17.Rae1 Nh5 18.Qh3 Nxf4 19.Bxf4 exf4 20.Rxf4 d5 21.Ref1 
dxe4 22.Nxe4 Bxe4 23.Bxe4 Nf6 24.Bd3 Re1 25.Rxe1 Qxf4 26.Nxg7 Kxg7 27.Qxc8
Ng4 28.Qc3+ f6 29.Kg1 Qxh2+ 30.Kf1 Qf4+ 31.Kg1 Qf2+ 32.Kh1 Bc5 0-1

[Event "32nd WCh U20 Girls"]
[Site "Pune IND"]
[Date "2014.10.09"]
[Round "4.14"]
[White "Frayna, Janelle Mae"]
[Black "Monnisha, Gajendra Babu Kannaiyan"]
[Result "1/2-1/2"]
[WhiteElo "2140"]
[BlackElo "2016"]
[EventDate "2014.10.06"]
[PlyCount "105"]

1.d4 Nf6 2.c4 e6 3.Nc3 Bb4 4.e3 O-O 5.Ne2 d5 6.a3 Be7 7.Ng3 a5 8.cxd5 exd5
9.Bd3 Re8 10.O-O Na6 11.Nh5 c6 12.Nxf6+ Bxf6 13.Bd2 Nc7 14.b4 axb4 15.axb4
Be6 16.Qc2 g6 17.b5 Bd7 18.bxc6 bxc6 19.Rxa8 Qxa8 20.Na4 Ne6 21.Nb6 Qa7 
22.Nxd7 Qxd7 23.Rc1 Nd8 24.h3 Kg7 25.Qa4 Re6 26.Rb1 Be7 27.Bb4 Bxb4 28.
Qxb4 Re7 29.Qa5 Qc8 30.Rc1 Qb8 31.Qc3 Ne6 32.Qa5 Ra7 33.Qd2 Qd6 34.Qc3 Ra3
35.Qc2 Qb4 36.Be2 Nd8 37.Rb1 Qc3 38.Qxc3 Rxc3 39.Kf1 Kf6 40.Ke1 Ke7 41.Kd2
Ra3 42.Rb2 Kd6 43.Bd3 Ra1 44.Ke2 Kc7 45.Rd2 Ne6 46.Bc2 Ra2 47.Kd3 Ra3+ 48.
Ke2 Ra2 49.h4 Kd6 50.g4 Ra1 51.Rd1 Ra2 52.Rd2 Ra1 53.Rd1 1/2-1/2

[Event "32nd WCh U20 Girls"]
[Site "Pune IND"]
[Date "2014.10.09"]
[Round "4.15"]
[White "Iwanow, Anna"]
[Black "Azimova, Karina"]
[Result "1-0"]
[WhiteElo "2279"]
[BlackElo "2063"]
[EventDate "2014.10.06"]
[PlyCount "65"]

1.e4 c5 2.Nf3 d6 3.Bb5+ Bd7 4.a4 Nf6 5.Qe2 Nc6 6.O-O e6 7.d3 Be7 8.Nbd2 
O-O 9.c3 a6 10.Bxc6 Bxc6 11.a5 d5 12.e5 Nd7 13.Re1 f6 14.Nf1 d4 15.cxd4 
Bxf3 16.Qxf3 fxe5 17.Qxb7 cxd4 18.b4 Kh8 19.Bd2 Rb8 20.Qxa6 Bxb4 21.Qxe6 
Nc5 22.Qc4 Bxd2 23.Nxd2 Rb2 24.Red1 Nb7 25.Qc1 Rb5 26.Qc6 Rb2 27.a6 Na5 
28.Qa4 Nb3 29.Nxb3 Rfxf2 30.Rd2 Rfxd2 31.Nxd2 Rxd2 32.Qc6 Qf8 33.a7 1-0

[Event "32nd WCh U20 Girls"]
[Site "Pune IND"]
[Date "2014.10.09"]
[Round "4.16"]
[White "Barbosa, Larissa Ichimura"]
[Black "Varga, Klara"]
[Result "0-1"]
[WhiteElo "1975"]
[BlackElo "2232"]
[EventDate "2014.10.06"]
[PlyCount "56"]

1.e4 e6 2.d4 d5 3.e5 c5 4.c3 Nc6 5.Nf3 Bd7 6.Be2 cxd4 7.cxd4 Nh6 8.O-O f6 
9.Be3 Nf7 10.exf6 Qxf6 11.Nc3 g6 12.Qd2 Bg7 13.Rac1 Ne7 14.Nb5 O-O 15.Bf4 
Nc6 16.Rfd1 a6 17.Nd6 Nxd6 18.Bxd6 Rf7 19.Be5 Nxe5 20.dxe5 Qf5 21.Qd4 Bc6 
22.Re1 Raf8 23.Bd3 Qh5 24.Be2 Rf4 25.Qd2 Bh6 26.Qc2 Rxf3 27.Bxf3 Rxf3 28.
gxf3 Bf4 0-1

[Event "32nd WCh U20 Girls"]
[Site "Pune IND"]
[Date "2014.10.09"]
[Round "4.17"]
[White "Fronda, Jan Jodilyn"]
[Black "Gu Tianlu"]
[Result "1/2-1/2"]
[WhiteElo "2127"]
[BlackElo "2055"]
[EventDate "2014.10.06"]
[PlyCount "138"]

1.e4 c5 2.Nf3 e6 3.d4 cxd4 4.Nxd4 Nc6 5.c4 Nf6 6.Nc3 Qc7 7.g3 Nxe4 8.Nxe4 
Qe5 9.Bg2 Qxd4 10.O-O f5 11.Nd2 g6 12.Rb1 Bg7 13.b4 O-O 14.Bb2 Qd3 15.Bxg7
Kxg7 16.Rb3 Qd4 17.Qc2 Qf6 18.Bxc6 dxc6 19.c5 e5 20.Rd3 Be6 21.Rd6 Rad8 
22.Nc4 Rxd6 23.Nxd6 f4 24.Re1 fxg3 25.hxg3 Bd5 26.Re3 Kg8 27.Qe2 e4 28.
Nxe4 Qa1+ 29.Qe1 Qxe1+ 30.Rxe1 Rf3 31.Kf1 Bc4+ 32.Kg2 Ra3 33.Nd6 Bd5+ 34.
Kf1 Rxa2 35.Re8+ Kg7 36.Re7+ Kf6 37.Rxb7 a5 38.bxa5 Rxa5 39.Rxh7 Rxc5 40.
Ke2 Ke5 41.Nf7+ Kd4 42.Rh4+ Kc3 43.Ne5 Bb3 44.f4 Bc2 45.Rh6 Kd4 46.Rh1 Bb3
47.Rb1 Rc2+ 48.Kf3 Rc3+ 49.Kg4 c5 50.Nxg6 c4 51.Ne5 Re3 52.Nc6+ Kc5 53.Na5
Ba4 54.Nxc4 Kxc4 55.f5 Kd5 56.Kf4 Rd3 57.g4 Bc6 58.Re1 Rd4+ 59.Kg5 Kd6 60.
f6 Bd7 61.Rg1 Ke6 62.Kg6 Be8+ 63.Kg7 Rd7+ 64.Kf8 Bf7 65.g5 Bg6 66.Re1+ Kf5
67.Re7 Rxe7 68.fxe7 Kxg5 69.Kg7 Be8 1/2-1/2

[Event "32nd WCh U20 Girls"]
[Site "Pune IND"]
[Date "2014.10.09"]
[Round "4.18"]
[White "Mahasweta, Kumar"]
[Black "Ivekovic, Tihana"]
[Result "1/2-1/2"]
[WhiteElo "1847"]
[BlackElo "2122"]
[EventDate "2014.10.06"]
[PlyCount "86"]

1.e4 c5 2.Nf3 e6 3.d4 cxd4 4.Nxd4 a6 5.Bd3 Qc7 6.Nc3 Nf6 7.O-O Be7 8.Be3 
O-O 9.Kh1 d6 10.f4 Nbd7 11.Nb3 b5 12.a3 Bb7 13.Qe1 Rac8 14.Bd2 Nb6 15.Rd1 
Nc4 16.Bc1 Nxa3 17.bxa3 Qxc3 18.Bd2 Qc7 19.Rf3 d5 20.e5 Ne4 21.Ba5 Qb8 22.
Qe2 g6 23.Rh3 Nc3 24.Bxc3 Rxc3 25.Qd2 Rfc8 26.Re1 Bf8 27.f5 exf5 28.Bxf5 
Rxh3 29.Bxh3 Rd8 30.Nd4 Be7 31.e6 f6 32.Qd3 Qf4 33.Rf1 Qe4 34.Qd2 Qe5 35.
Nf5 gxf5 36.Bxf5 Kg7 37.Qf2 Rg8 38.Qh4 Rh8 39.Qg4+ Kh6 40.Qh4+ Kg7 41.Qg4+
Kh6 42.Qh4+ Kg7 43.Qg4+ Kh6 1/2-1/2

[Event "32nd WCh U20 Girls"]
[Site "Pune IND"]
[Date "2014.10.09"]
[Round "4.19"]
[White "Vaishali, Ramesh Babu"]
[Black "Turkova, Karolina"]
[Result "1-0"]
[WhiteElo "2124"]
[BlackElo "2033"]
[EventDate "2014.10.06"]
[PlyCount "79"]

1.e4 e5 2.Nf3 Nc6 3.Bc4 Nf6 4.d3 Be7 5.Nc3 d6 6.h3 Na5 7.Bb3 O-O 8.O-O c5 
9.Nd5 Nxb3 10.Nxe7+ Qxe7 11.axb3 h6 12.Bd2 Be6 13.Re1 Qc7 14.b4 Rfc8 15.c4
cxb4 16.Bxb4 a5 17.Bc3 Qc5 18.Rxa5 Rxa5 19.b4 Qc7 20.bxa5 Nd7 21.Nh4 Ra8 
22.Nf5 Bxf5 23.exf5 b6 24.Qf3 Ra7 25.axb6 Qxb6 26.Bd2 Ra2 27.Be3 Qb4 28.
Rf1 Nf6 29.Qc6 Ra3 30.d4 Rc3 31.Qa8+ Kh7 32.dxe5 dxe5 33.c5 Ra3 34.Qf8 Qe4
35.Qxf7 Rxe3 36.Qg6+ Kg8 37.fxe3 Qxe3+ 38.Kh2 Qxc5 39.Ra1 Qc6 40.Ra7 1-0

[Event "32nd WCh U20 Girls"]
[Site "Pune IND"]
[Date "2014.10.09"]
[Round "4.20"]
[White "Monpeurt, Cyrielle"]
[Black "Krumova, Ani"]
[Result "1-0"]
[WhiteElo "2115"]
[BlackElo "1998"]
[EventDate "2014.10.06"]
[PlyCount "45"]

1.e4 c5 2.Nf3 Nc6 3.Nc3 g6 4.d4 cxd4 5.Nxd4 Bg7 6.Be3 Nf6 7.Nxc6 bxc6 8.e5
Nd5 9.Nxd5 cxd5 10.Qxd5 Rb8 11.Bxa7 Rxb2 12.Bd4 Rxc2 13.Bd3 Rc6 14.O-O O-O
15.a4 Bb7 16.Qb3 Qa8 17.Rfb1 Rc7 18.Bf1 Be4 19.Re1 Rb8 20.Qe3 Bb7 21.e6 f6
22.Bb6 Rbc8 23.exd7 1-0

[Event "32nd WCh U20 Girls"]
[Site "Pune IND"]
[Date "2014.10.09"]
[Round "4.21"]
[White "Pujari, Rucha"]
[Black "Sunyasakta, Satpathy"]
[Result "1-0"]
[WhiteElo "2113"]
[BlackElo "1926"]
[EventDate "2014.10.06"]
[PlyCount "67"]

1.d4 d5 2.c4 Nf6 3.Nf3 c6 4.Qc2 e6 5.Nbd2 Nbd7 6.g3 Bd6 7.Bg2 O-O 8.O-O e5
9.dxe5 Nxe5 10.Nxe5 Bxe5 11.Nf3 Bd6 12.Rd1 Qb6 13.cxd5 Bc5 14.e4 cxd5 15.
exd5 Ng4 16.Rf1 g6 17.b4 Bxb4 18.h3 Bf5 19.Qb3 Nf6 20.Bb2 Ne4 21.g4 Nc5 
22.Qe3 Bd3 23.Rfd1 Rae8 24.Qd4 f6 25.d6 Be2 26.Qd5+ Kg7 27.g5 Ne4 28.gxf6+
Nxf6 29.d7 Rd8 30.Ng5 Kh6 31.Nf7+ Rxf7 32.Qxf7 Bxd1 33.Bxf6 Rf8 34.Qg7+ 
1-0